| 000 | 00461nam a2200157 i 4500 | ||
|---|---|---|---|
| 001 | 75751 | ||
| 003 | ES-MaACL | ||
| 005 | 20230906172601.0 | ||
| 007 | t| | ||
| 008 | 040927s1971 sp ||||1| spa d | ||
| 245 | 0 | 4 |
_aLas grandes religiones enjuician al cristianismo / _cRadhakrishnan... [et al.]. |
| 260 |
_aBilbao : _bMensajero, _c1971. |
||
| 300 |
_a382 p. ; _c19 cm. |
||
| 700 | 1 |
_aRadhakrishnan, Sarvepalli. _994923 |
|
| 852 |
_aES-MaACL _jC-45288 _bR.78420 |
||
| 999 |
_c75751 _d75751 |
||